Science Quiz

Random Science or Chemistry Quiz

Scientists' Signatures Quiz Stats

 Plays Quiz Updated Sep 27, 2017

Challenge
Share
Tweet
Score 0/24 Timer 04:00
0 Plays Today
% Correct
Isaac Newton
97.2%
Albert Einstein
96%
Sigmund Freud
93.9%
Marie Curie
90.9%
Thomas Alva Edison
89.6%
Charles Darwin
88%
Galileo Galilei
86.9%
Stephen Hawking
85.8%
Alexander Fleming
84.9%
Michael Faraday
76.9%
Niels Bohr
69.7%
Ernest Rutherford
69.4%
% Correct
James Watson
61.5%
Leonhard Euler
61%
Leonardo da Vinci
52.7%
Nicolaus Copernicus
48.8%
Enrico Fermi
45.9%
Erwin Schrödinger
45.6%
Wilhelm Röntgen
42.9%
Dmitri Mendeleev
34.7%
Louis Pasteur
16.1%
Henri Becquerel
6.5%
Alfred Nobel
4.2%
Antoine Lavoisier
3.5%

You're not logged in!

Compare scores with friends on all Sporcle quizzes.
Join for Free
OR
Log In

You Might Also Like...

Show Comments

Extras

Top Quizzes Today


Score Distribution

Your Account Isn't Verified!

In order to create a playlist on Sporcle, you need to verify the email address you used during registration. Go to your Sporcle Settings to finish the process.

Report this User

Report this user for behavior that violates our Community Guidelines.

Details: